01225cam a22003254a 450000100090000000300040000900500170001300800410003001000170007101500190008801600180010702000350012503500230016003700170018304000420020004200080024205000240025008200220027410000280029624500700032426000370039430000350043150400600046665000220052665000470054870000200059585601060061585600910072185600870081214205728OSt20221003142815.0051220s2006 nyua b 001 0 eng  a 2005058099 aGBA6356782bnb7 a0134365622Uk a0071467882 (pbk. : alk. paper) a(OCoLC)ocm62782292 a1252244bQBI aDLCcDLCdQBXdBAKERdUKMdYDXCPdDLC apcc00aTH7687b.M4855 200600a621.56222bMIL/A1 aMiller, Rex,d1929-201910aAir conditioning and refrigeration /cRex Miller, Mark R. Miller. aNew York :bMcGraw-Hill,cc2006. axvii, 603 p. :bill. ;c28 cm. aIncludes bibliographical references (p. 529) and index. 0aAir conditioning. 0aRefrigeration and refrigerating machinery.1 aMiller, Mark R.423Contributor biographical informationuhttp://www.loc.gov/catdir/enhancements/fy0626/2005058099-b.html423Publisher descriptionuhttp://www.loc.gov/catdir/enhancements/fy0626/2005058099-d.html413Table of contentsuhttp://www.loc.gov/catdir/enhancements/fy0626/2005058099-t.html